[Event "Titled Tuesday intern op 25th Jun Early"]
[Site "Chess.com INT"]
[Date "2024.06.25"]
[Round "1"]
[White "Zaloznyy, Mike"]
[Black "Deng, Henry"]
[Result "0-1"]
[WhiteElo "2112"]
[BlackElo "2316"]
[PlyCount "60"]
[EventDate "2024.06.25"]
[EventType "swiss (blitz)"]
[EventRounds "11"]
[EventCountry "USA"]
[SourceTitle "EXT 2025"]
[Source "ChessBase"]
[SourceDate "2024.10.14"]
[SourceVersion "1"]
[SourceVersionDate "2024.10.14"]
[SourceQuality "1"]

1. Nf3 Nf6 2. g3 g6 3. b3 Bg7 4. Bb2 0-0 5. Bg2 d6 6. d4 Nbd7 7. 0-0 c6 8. a4 a5 9. Nbd2 Qc7 10. e4 d5 11. Re1 Nxe4 12. Nxe4 dxe4 13. Rxe4 Nf6 14. Re2 Bg4 15. Qe1 Rfe8 16. h3 Bxf3 17. Bxf3 Rad8 18. Rd1 Nd5 19. c4 Nb4 20. Bc3 e6 21. Kg2 Rd7 22. Re4 Red8 23. Bxb4 axb4 24. Qxb4 Bxd4 25. c5 e5 26. g4 Rd5 27. Rexd4 Rxd4 28. Rxd4 exd4 29. Qd2 d3 30. b4 Qe5 0-1

[Event "Las Vegas 1000 GM IM-C"]
[Site "Las Vegas"]
[Date "2024.06.04"]
[Round "9"]
[White "Delgado Ramirez, Neuris"]
[Black "Zaloznyy, Mike"]
[Result "1-0"]
[WhiteElo "2483"]
[BlackElo "2144"]
[PlyCount "61"]
[EventDate "2024.05.31"]
[EventType "tourn"]
[EventRounds "9"]
[EventCountry "USA"]
[SourceTitle "CBM 220 Extra"]
[Source "ChessBase"]
[SourceDate "2024.07.31"]
[SourceVersion "1"]
[SourceVersionDate "2024.07.31"]
[SourceQuality "1"]

1. e4 c6 2. c4 d5 3. exd5 cxd5 4. cxd5 Nf6 5. Nc3 Nxd5 6. Nf3 Nc6 7. Bc4 e6 8. 0-0 Be7 9. d4 Nf6 10. Re1 0-0 11. a3 a6 12. Ba2 b5 13. d5 Nxd5 14. Nxd5 exd5 15. Qxd5 Bb7 16. Qh5 Qd6 17. Bg5 Bf6 18. Rad1 Nd4 19. Nxd4 Bxd4 20. Re7 Qc6 21. Qf3 Rad8 22. Qxc6 Bxc6 23. Rxf7 Rxf7 24. Bxd8 Bxb2 25. Rd6 Be4 26. Rxa6 Kf8 27. Bxf7 Kxf7 28. Bb6 h6 29. Bc5 Kg8 30. Rb6 Bd3 31. a4 1-0

[Event "Las Vegas 1000 GM IM-C"]
[Site "Las Vegas"]
[Date "2024.06.04"]
[Round "8"]
[White "Zaloznyy, Mike"]
[Black "Andrews, Todd D"]
[Result "1-0"]
[WhiteElo "2144"]
[BlackElo "2167"]
[PlyCount "65"]
[EventDate "2024.05.31"]
[EventType "tourn"]
[EventRounds "9"]
[EventCountry "USA"]
[SourceTitle "CBM 220 Extra"]
[Source "ChessBase"]
[SourceDate "2024.07.31"]
[SourceVersion "1"]
[SourceVersionDate "2024.07.31"]
[SourceQuality "1"]

1. Nf3 Nc6 2. d4 d5 3. c4 e5 4. cxd5 Qxd5 5. Nc3 Bb4 6. Bd2 Bxc3 7. Bxc3 e4 8. Nd2 e3 9. fxe3 Nf6 10. e4 Nxe4 11. Nxe4 Qxe4 12. d5 Qh4+ 13. g3 Qe4 14. Rg1 Qe3 15. dxc6 Qxg1 16. cxb7 Bxb7 17. Qa4+ Kf8 18. Qb4+ c5 19. Qxb7 Re8 20. Qxa7 h5 21. Bb4 Kg8 22. Qxc5 Qxh2 23. Qf2 Qh1 24. Qg2 Qxg2 25. Bxg2 h4 26. g4 h3 27. Bf3 Rh4 28. Bc3 Re6 29. Kf2 g5 30. Rh1 Ra6 31. a3 Ra4 32. Kg3 f5 33. gxf5 1-0

[Event "Titled Tuesday intern op 02nd Apr Early"]
[Site "Chess.com INT"]
[Date "2024.04.02"]
[Round "8"]
[White "Zaloznyy, Mike"]
[Black "Piddubna, Bozhena"]
[Result "1/2-1/2"]
[WhiteElo "2144"]
[BlackElo "2005"]
[PlyCount "158"]
[EventDate "2024.04.02"]
[EventType "swiss (blitz)"]
[EventRounds "11"]
[EventCountry "USA"]
[SourceTitle "CBM 219 Extra"]
[Source "ChessBase"]
[SourceDate "2024.05.31"]
[SourceVersion "1"]
[SourceVersionDate "2024.05.31"]
[SourceQuality "1"]

1. Nf3 Nf6 2. b3 e6 3. Bb2 d5 4. g3 c5 5. Bg2 Nc6 6. 0-0 Be7 7. e3 0-0 8. Qe2 b6 9. Rd1 Bb7 10. c4 Qc7 11. cxd5 exd5 12. d4 Rfe8 13. Nc3 Rad8 14. Rac1 Qb8 15. dxc5 bxc5 16. Na4 c4 17. bxc4 Ba6 18. Nd2 Na5 19. Bxf6 Bxf6 20. Nc5 Bxc4 21. Nxc4 dxc4 22. Nd7 Qb2 23. Rc2 Qb4 24. Nxf6+ gxf6 25. Rxd8 Rxd8 26. Be4 Qc5 27. Qg4+ Qg5 28. Qf3 h5 29. h4 Qe5 30. Kg2 Kg7 31. Qf4 Rd1 32. Qxe5 fxe5 33. Bf3 Rd8 34. Bxh5 e4 35. Bg4 Kf6 36. h5 Kg5 37. Be2 Rc8 38. f3 exf3+ 39. Kxf3 f5 40. e4 fxe4+ 41. Kxe4 Re8+ 42. Kd4 Rd8+ 43. Kc5 Rc8+ 44. Kb5 Nb7 45. Bxc4 Nd6+ 46. Kb4 Rb8+ 47. Kc3 Ne4+ 48. Kd4 Nxg3 49. Rg2 Kf4 50. h6 Nf5+ 51. Kd5 Rd8+ 52. Kc6 Rc8+ 53. Kb5 a6+ 54. Kb4 Nxh6 55. Rf2+ Ke5 56. Rh2 Nf5 57. Rh5 Kf6 58. Bd3 Ne3 59. Ka5 Rd8 60. Rh6+ Ke5 61. Rxa6 Rxd3 62. a4 Rd5+ 63. Kb6 Nc4+ 64. Ka7 Rd7+ 65. Kb8 Nd6 66. Ra5+ Ke6 67. Ra7 Nc4 68. Rxd7 Kxd7 69. Kb7 Nd6+ 70. Kb6 Nc4+ 71. Kb5 Nd6+ 72. Ka6 Kc7 73. a5 Kc6 74. Ka7 Kb5 75. a6 Nc8+ 76. Kb7 Nd6+ 77. Ka7 Nc8+ 78. Kb7 Nd6+ 79. Kc7 Kxa6 1/2-1/2

[Event "Titled Tuesday intern op 19th Mar Early"]
[Site "Chess.com INT"]
[Date "2024.03.19"]
[Round "9"]
[White "Guzman Lozano, Campo Elias"]
[Black "Zaloznyy, Mike"]
[Result "1-0"]
[WhiteElo "1902"]
[BlackElo "2144"]
[PlyCount "85"]
[EventDate "2024.03.19"]
[EventType "swiss (blitz)"]
[EventRounds "11"]
[EventCountry "USA"]
[SourceTitle "EXT 2025"]
[Source "ChessBase"]
[SourceDate "2024.10.14"]
[SourceVersion "1"]
[SourceVersionDate "2024.10.14"]
[SourceQuality "1"]

1. d4 Nf6 2. Bg5 e6 3. e3 c5 4. c3 Be7 5. Nf3 b6 6. Bb5 a6 7. Bd3 Bb7 8. 0-0 h6 9. Bh4 d6 10. Nbd2 Nbd7 11. Re1 0-0 12. e4 Nh5 13. Bg3 Nxg3 14. hxg3 Nf6 15. Qe2 Qc7 16. Rad1 Rfc8 17. e5 dxe5 18. Nxe5 cxd4 19. cxd4 Bd6 20. Ndc4 b5 21. Nxd6 Qxd6 22. Ng4 Nxg4 23. Qxg4 f5 24. Qe2 Bd5 25. b3 b4 26. g4 f4 27. Bb1 Rc3 28. g5 f3 29. Qe5 Qxe5 30. Rxe5 fxg2 31. gxh6 gxh6 32. Be4 Bxe4 33. Rxe4 Rc2 34. Rxe6 Rf8 35. Rg6+ Kh7 36. Rxg2 Rxa2 37. d5 Rd8 38. d6 Rc2 39. Rg4 a5 40. Rgd4 Rc3 41. d7 Kg7 42. Re1 Kf6 43. Re8 1-0

[Event "Titled Tuesday intern op 19th Mar Early"]
[Site "Chess.com INT"]
[Date "2024.03.19"]
[Round "6"]
[White "Liu, Zachary Hankun"]
[Black "Zaloznyy, Mike"]
[Result "1-0"]
[WhiteElo "1910"]
[BlackElo "2144"]
[PlyCount "49"]
[EventDate "2024.03.19"]
[EventType "swiss (blitz)"]
[EventRounds "11"]
[EventCountry "USA"]
[SourceTitle "EXT 2025"]
[Source "ChessBase"]
[SourceDate "2024.10.14"]
[SourceVersion "1"]
[SourceVersionDate "2024.10.14"]
[SourceQuality "1"]

1. e4 c6 2. d4 d5 3. e5 c5 4. c4 cxd4 5. Qxd4 e6 6. cxd5 Nc6 7. Qe3 Qxd5 8. Nf3 Bc5 9. Qd3 Nge7 10. Nc3 Qxd3 11. Bxd3 Ng6 12. Bxg6 hxg6 13. Ne4 Bb4+ 14. Bd2 Bxd2+ 15. Kxd2 0-0 16. Ke3 Nb4 17. Kf4 Bd7 18. a3 Nd5+ 19. Kg3 Rac8 20. h4 Rc2 21. h5 gxh5 22. Rxh5 g6 23. Rh4 Ne7 24. Nf6+ Kg7 25. Rh7# 1-0

[Event "Titled Tuesday intern op 19th Mar Early"]
[Site "Chess.com INT"]
[Date "2024.03.19"]
[Round "4"]
[White "Nikulina, Alena"]
[Black "Zaloznyy, Mike"]
[Result "1-0"]
[WhiteElo "1906"]
[BlackElo "2144"]
[PlyCount "61"]
[EventDate "2024.03.19"]
[EventType "swiss (blitz)"]
[EventRounds "11"]
[EventCountry "USA"]
[SourceTitle "EXT 2025"]
[Source "ChessBase"]
[SourceDate "2024.10.14"]
[SourceVersion "1"]
[SourceVersionDate "2024.10.14"]
[SourceQuality "1"]

1. e4 d6 2. d4 Nf6 3. Nc3 e5 4. Nf3 exd4 5. Nxd4 Be7 6. Bc4 0-0 7. 0-0 Nxe4 8. Nxe4 d5 9. Bd3 dxe4 10. Bxe4 Bf6 11. Be3 c5 12. Nf5 Bxf5 13. Bxf5 Bxb2 14. Rb1 Bd4 15. Bxd4 cxd4 16. Qd3 g6 17. Be4 Nc6 18. Rxb7 Ne5 19. Qb5 Qf6 20. h3 Qf4 21. Bd5 a6 22. Qb3 Rac8 23. Re1 Rc3 24. Qa4 Qg5 25. Qxd4 Rxc2 26. Qxe5 Qd2 27. Bxf7+ Rxf7 28. Qe8+ Rf8 29. Qe6+ Kh8 30. Qe5+ Kg8 31. Qg7# 1-0

[Event "Titled Tuesday intern op 19th Mar Early"]
[Site "Chess.com INT"]
[Date "2024.03.19"]
[Round "7"]
[White "Tarnowska, Aleksandra"]
[Black "Zaloznyy, Mike"]
[Result "0-1"]
[WhiteElo "1876"]
[BlackElo "2144"]
[PlyCount "82"]
[EventDate "2024.03.19"]
[EventType "swiss (blitz)"]
[EventRounds "11"]
[EventCountry "USA"]
[SourceTitle "EXT 2025"]
[Source "ChessBase"]
[SourceDate "2024.10.14"]
[SourceVersion "1"]
[SourceVersionDate "2024.10.14"]
[SourceQuality "1"]

1. e4 d5 2. exd5 Qxd5 3. Nf3 Nc6 4. Nc3 Qh5 5. h3 Nf6 6. Be2 Bg4 7. d3 0-0-0 8. Be3 Ne5 9. Nxe5 Bxe2 10. Qxe2 Qxe5 11. 0-0 e6 12. f4 Qa5 13. a3 Bc5 14. b4 Bxe3+ 15. Qxe3 Qb6 16. Qxb6 axb6 17. g4 Nd5 18. Ne4 h6 19. Kg2 Ne3+ 20. Kf3 Nxc2 21. Ke2 Nxa1 22. Rxa1 Rd4 23. Nf2 Rxf4 24. Ke3 g5 25. Ne4 f5 26. gxf5 exf5 27. Nf6 Rf8 28. Nh5 Re8+ 29. Kd2 Rh4 30. Nf6 Rf8 31. Nd5 Rxh3 32. Rc1 c6 33. Nxb6+ Kc7 34. Nc4 f4 35. Re1 Rf7 36. Re8 Rd7 37. Ne5 Rh2+ 38. Kc3 Rg7 39. d4 g4 40. a4 f3 41. b5 f2 0-1

[Event "Titled Tuesday intern op 19th Mar Early"]
[Site "Chess.com INT"]
[Date "2024.03.19"]
[Round "3"]
[White "Zaloznyy, Mike"]
[Black "Nguyen, Ngoc Truong Son"]
[Result "0-1"]
[WhiteElo "2144"]
[BlackElo "2633"]
[PlyCount "80"]
[EventDate "2024.03.19"]
[EventType "swiss (blitz)"]
[EventRounds "11"]
[EventCountry "USA"]
[SourceTitle "EXT 2025"]
[Source "ChessBase"]
[SourceDate "2024.10.14"]
[SourceVersion "1"]
[SourceVersionDate "2024.10.14"]
[SourceQuality "1"]

1. Nf3 c5 2. b3 Nc6 3. Bb2 d5 4. e3 a6 5. Be2 Qc7 6. c4 e6 7. cxd5 exd5 8. Nc3 Nf6 9. Rc1 Be6 10. Na4 c4 11. bxc4 dxc4 12. Bxc4 Bxc4 13. Rxc4 b5 14. Be5 Qb7 15. Nc5 Bxc5 16. Rxc5 Nd7 17. Bxg7 Rg8 18. Rg5 0-0-0 19. Bb2 Rxg5 20. Nxg5 Nc5 21. 0-0 Rg8 22. Bf6 Nd7 23. Qf3 Rg6 24. Ne4 Kb8 25. Bh4 Nce5 26. Bg3 Ka7 27. Bxe5 Nxe5 28. Qf5 f6 29. f3 Qd5 30. d4 Qxa2 31. Ng3 Nc4 32. Qc5+ Kb7 33. d5 Qd2 34. Qc6+ Kb8 35. Qe8+ Ka7 36. Qf7+ Kb6 37. Qxh7 Nxe3 38. Rf2 Qe1+ 39. Nf1 Rxg2+ 40. Kh1 Qxf2 0-1

[Event "Sunnyvale 1000 Schev 2 11"]
[Site "Sunnyvale"]
[Date "2023.11.13"]
[Round "6.2"]
[White "Tang, Benjamin"]
[Black "Zaloznyy, Mike"]
[Result "1-0"]
[WhiteElo "2107"]
[BlackElo "2169"]
[PlyCount "97"]
[EventDate "2023.11.10"]
[EventType "schev"]
[EventRounds "6"]
[EventCountry "USA"]
[SourceTitle "CBM 217 Extra"]
[Source "ChessBase"]
[SourceDate "2024.01.31"]
[SourceVersion "1"]
[SourceVersionDate "2024.01.31"]
[SourceQuality "1"]

1. e4 d6 2. d4 Nf6 3. Nc3 c6 4. Nf3 Bg4 5. Be2 e6 6. Be3 d5 7. h3 Bxf3 8. Bxf3 dxe4 9. Nxe4 Nxe4 10. Bxe4 Nd7 11. 0-0 Nf6 12. Bf3 Nd5 13. Bd2 Bd6 14. c4 Nf4 15. d5 cxd5 16. c5 Nxh3+ 17. gxh3 Bxc5 18. Rc1 Bb6 19. Bb4 Qh4 20. Ba3 f6 21. Bh5+ g6 22. Bg4 Kf7 23. Bxe6+ Kg7 24. Qxd5 Rad8 25. Qxb7+ Kh6 26. Bc5 Rb8 27. Qf3 Qg5+ 28. Qg4 Bxc5 29. Qxg5+ fxg5 30. Rxc5 Rxb2 31. Rfc1 Re8 32. Bb3 Rbe2 33. Rc7 a5 34. Ra7 g4 35. hxg4 R8e4 36. Rc4 Rxc4 37. Bxc4 Re4 38. Bg8 Rxg4+ 39. Kf1 Ra4 40. Rxh7+ Kg5 41. Rh3 Re4 42. Rg3+ Kf6 43. Bh7 Ra4 44. Rxg6+ Kf7 45. Rg3 Kf8 46. Bg8 Rb4 47. Bb3 a4 48. Bd1 Rb1 49. Ke1 1-0

[Event "Sunnyvale 1000 GM Schev-A 09"]
[Site "Sunnyvale"]
[Date "2023.09.17"]
[Round "5"]
[White "Goktepe, Derin"]
[Black "Zaloznyy, Mike"]
[Result "1-0"]
[WhiteElo "2163"]
[BlackElo "2174"]
[PlyCount "34"]
[EventDate "2023.09.16"]
[EventType "schev"]
[EventRounds "5"]
[EventCountry "USA"]
[SourceTitle "CBM 216 Extra"]
[Source "ChessBase"]
[SourceDate "2023.11.30"]
[SourceVersion "1"]
[SourceVersionDate "2023.11.30"]
[SourceQuality "1"]

1. d4 d5 2. c4 e6 3. Nc3 a6 4. cxd5 exd5 5. Nf3 h6 6. h3 Nf6 7. Bf4 Bd6 8. Bxd6 Qxd6 9. e3 0-0 10. Bd3 Nc6 11. a3 Ne7 12. 0-0 Bf5 13. Bxf5 Nxf5 14. Qc2 g6 15. Na4 a5 16. Ne5 Nd7 17. Nxd7 Qxd7 1-0

[Event "Sunnyvale 1000 GM Schev-A 09"]
[Site "Sunnyvale"]
[Date "2023.09.16"]
[Round "1"]
[White "Tang, Dylan"]
[Black "Zaloznyy, Mike"]
[Result "1-0"]
[WhiteElo "2148"]
[BlackElo "2174"]
[PlyCount "91"]
[EventDate "2023.09.16"]
[EventType "schev"]
[EventRounds "5"]
[EventCountry "USA"]
[SourceTitle "CBM 216 Extra"]
[Source "ChessBase"]
[SourceDate "2023.11.30"]
[SourceVersion "1"]
[SourceVersionDate "2023.11.30"]
[SourceQuality "1"]

1. e4 c6 2. d4 d5 3. e5 c5 4. dxc5 e6 5. a3 Bxc5 6. Nf3 f6 7. b4 Be7 8. Bb2 a5 9. b5 Nd7 10. Bd3 Nh6 11. Qe2 Nc5 12. 0-0 Nf7 13. c4 Nxd3 14. Qxd3 Nxe5 15. Nxe5 fxe5 16. Bxe5 0-0 17. Nc3 Rf5 18. f4 dxc4 19. Qxc4 Qf8 20. Rfd1 Bc5+ 21. Kh1 Bxa3 22. Rxa3 Qxa3 23. Qc7 Bd7 24. Rxd7 Rf7 25. h3 Raf8 26. Qxb7 h5 27. Rxf7 Rxf7 28. Qc8+ Kh7 29. Qxe6 Re7 30. Qf5+ Kg8 31. Ne4 Qc1+ 32. Kh2 Qc4 33. Ng5 a4 34. Qh7+ Kf8 35. Bd6 Ke8 36. Qxh5+ Kd7 37. Bxe7 Qxf4+ 38. Kg1 Kxe7 39. Qe2+ Kd6 40. Qd3+ Ke7 41. Qe4+ Qxe4 42. Nxe4 a3 43. Nc3 Kd6 44. Kf2 Kc5 45. Ke3 g5 46. g3 1-0

[Event "Sunnyvale 1000 GM Schev 07"]
[Site "Sunnyvale"]
[Date "2023.07.30"]
[Round "5"]
[White "Nathan, Nitish"]
[Black "Zaloznyy, Mike"]
[Result "0-1"]
[WhiteElo "2179"]
[BlackElo "2172"]
[PlyCount "152"]
[EventDate "2023.07.28"]
[EventType "schev"]
[EventRounds "9"]
[EventCountry "USA"]
[SourceTitle "CBM 215 Extra"]
[Source "ChessBase"]
[SourceDate "2023.09.30"]
[SourceVersion "1"]
[SourceVersionDate "2023.09.30"]
[SourceQuality "1"]

1. d4 d5 2. Bf4 c5 3. e3 cxd4 4. exd4 Nc6 5. c3 f6 6. Bb5 Bf5 7. Nd2 e6 8. Bg3 Bd6 9. Ngf3 g5 10. Nb3 Nge7 11. Bd3 h5 12. Bxf5 Nxf5 13. Qe2 Kf7 14. Bxd6 Qxd6 15. 0-0-0 Qf4+ 16. Qd2 Qxd2+ 17. Nfxd2 Rac8 18. Kb1 b5 19. Nf1 a5 20. Ne3 Nd6 21. Nc5 b4 22. cxb4 axb4 23. Nb3 f5 24. Rhe1 f4 25. Nf1 Nb5 26. Rd3 Rc7 27. Nfd2 g4 28. g3 f3 29. h4 Ra8 30. Rc1 Ke7 31. Rc5 Nd6 32. Nc1 Kd7 33. Rc2 Nf5 34. Ndb3 Kd6 35. Rd1 Rf7 36. Rcd2 Rb8 37. Rc2 Rb5 38. Rcd2 Rc7 39. Rc2 Rb6 40. Rcd2 Ke7 41. Rc2 Rbb7 42. Rcd2 Kf6 43. Re1 Ra7 44. Red1 Nd6 45. Nd3 Ne4 46. Rc2 e5 47. Rdc1 Ra6 48. Nxb4 Nxb4 49. dxe5+ Kxe5 50. Rxc7 Nd3 51. Rf1 Ndxf2 52. Rh7 Rf6 53. Rxh5+ Kd6 54. Rg5 d4 55. Rg8 d3 56. Rd8+ Ke7 57. Rd4 Rb6 58. Re1 Re6 59. Rg1 Nh3 60. Rc1 Nxg3 61. Rxd3 Nf4 62. Rd2 Nfe2 63. Nd4 Nxd4 64. Rxd4 Ne2 65. Rc7+ Kf6 66. Rdd7 Ke5 67. Rf7 Nd4 68. Rg7 f2 69. Rgf7 g3 70. Rc1 Rf6 71. Re7+ Kd6 72. Re4 Nf3 73. Rd1+ Kc7 74. Rc4+ Kb6 75. Rg4 Ne1 76. Rb4+ Kc5 0-1

[Event "Los Angeles IM Norm"]
[Site "Monrovia"]
[Date "2023.04.04"]
[Round "8"]
[White "Jukic, Branimir"]
[Black "Zaloznyy, Mike"]
[Result "1/2-1/2"]
[WhiteElo "2371"]
[BlackElo "2168"]
[PlyCount "113"]
[EventDate "2023.04.01"]
[EventType "schev"]
[EventRounds "10"]
[EventCountry "USA"]
[SourceTitle "CBM 213 Extra"]
[Source "ChessBase"]
[SourceDate "2023.05.31"]
[SourceVersion "1"]
[SourceVersionDate "2023.05.31"]
[SourceQuality "1"]
[WhiteTeam "Rest of the World"]
[BlackTeam "United States"]
[BlackTeamCountry "USA"]

1. e4 c6 2. d4 d5 3. Nd2 dxe4 4. Nxe4 Nf6 5. Nxf6+ exf6 6. Bc4 Bd6 7. Qh5 0-0 8. Ne2 Qe7 9. Bd2 g6 10. Qf3 Bf5 11. 0-0-0 Be4 12. Qh3 b5 13. Bd3 Re8 14. Nc3 Bxd3 15. Rhe1 Qd8 16. Rxe8+ Qxe8 17. Re1 Qd8 18. Qxd3 Nd7 19. Qf3 Rc8 20. Bf4 Bb4 21. a3 Bxc3 22. Qxc3 Nb6 23. Qc5 Kg7 24. b3 Qd7 25. f3 Re8 26. Rxe8 Qxe8 27. Kb2 h5 28. h4 Nd5 29. Bd2 Qe2 30. Qxc6 Ne7 31. Qc3 Qxg2 32. Qd3 Nd5 33. Qe4 Qxd2 34. Qxd5 g5 35. hxg5 Qxg5 36. Qe4 h4 37. f4 Qg6 38. Qh1 Qg4 39. d5 Qxf4 40. d6 Qe5+ 41. Ka2 Qxd6 42. Qxh4 Qc5 43. c4 bxc4 44. bxc4 a5 45. Kb3 Kg6 46. Qg3+ Kf5 47. Qf3+ Ke6 48. Qe4+ Kd6 49. Qe8 Qb6+ 50. Kc3 Qc7 51. a4 Qd7 52. Qb8+ Qc7 53. c5+ Kc6 54. Qb5+ Kd5 55. Qc4+ Kc6 56. Qb5+ Kd5 57. Qc4+ 1/2-1/2

[Event "Los Angeles IM Norm"]
[Site "Monrovia"]
[Date "2023.04.04"]
[Round "7"]
[White "Zaloznyy, Mike"]
[Black "Jukic, Branimir"]
[Result "0-1"]
[WhiteElo "2168"]
[BlackElo "2371"]
[PlyCount "74"]
[EventDate "2023.04.01"]
[EventType "schev"]
[EventRounds "10"]
[EventCountry "USA"]
[SourceTitle "CBM 213 Extra"]
[Source "ChessBase"]
[SourceDate "2023.05.31"]
[SourceVersion "1"]
[SourceVersionDate "2023.05.31"]
[SourceQuality "1"]
[WhiteTeam "United States"]
[BlackTeam "Rest of the World"]
[WhiteTeamCountry "USA"]

1. Nf3 d5 2. g3 g6 3. Bg2 Bg7 4. 0-0 Nf6 5. b3 Ne4 6. c3 0-0 7. Qc2 c5 8. d3 Nd6 9. e4 dxe4 10. dxe4 Nc6 11. Rd1 Qa5 12. Be3 Bg4 13. Rd5 b6 14. b4 Qa6 15. bxc5 Nc4 16. Qe2 Qa4 17. Nbd2 Nxe3 18. Qxe3 Nb4 19. Rd4 Bxd4 20. Nxd4 bxc5 21. Nf5 Bxf5 22. cxb4 Be6 23. Qxc5 Rfd8 24. e5 Rac8 25. Qe3 Qxb4 26. Nf3 Qc3 27. Qxc3 Rxc3 28. Ng5 Bf5 29. h3 h6 30. Ne4 Bxe4 31. Bxe4 Rdc8 32. Bd5 Rc1+ 33. Rxc1 Rxc1+ 34. Kg2 Rc5 35. Bb3 Rxe5 36. f4 Re3 37. Kf2 Rc3 0-1

[Event "Titled Tuesday intern op 04th Apr Late"]
[Site "Chess.com INT"]
[Date "2023.04.04"]
[Round "4"]
[White "Zaloznyy, Mike"]
[Black "Matute Escobar, Roxanny"]
[Result "1-0"]
[WhiteElo "2168"]
[BlackElo "1950"]
[PlyCount "113"]
[EventDate "2023.04.04"]
[EventType "swiss (blitz)"]
[EventRounds "11"]
[EventCountry "USA"]
[SourceTitle "EXT 2024"]
[Source "ChessBase"]
[SourceDate "2023.10.10"]
[SourceVersion "1"]
[SourceVersionDate "2023.10.10"]
[SourceQuality "1"]

1. Nf3 Nf6 2. g3 g6 3. Bg2 Bg7 4. b3 0-0 5. Bb2 c5 6. c4 Nc6 7. 0-0 d6 8. d4 cxd4 9. Nxd4 Nxd4 10. Qxd4 Rb8 11. Nc3 a6 12. Rad1 b5 13. cxb5 axb5 14. Qh4 Bf5 15. Nd5 Nxd5 16. Bxg7 Kxg7 17. Rxd5 Qd7 18. e4 Be6 19. Rd2 Rfc8 20. Rfd1 Qa7 21. Qf4 b4 22. h4 h5 23. e5 dxe5 24. Qxe5+ Kh7 25. Bd5 Bg4 26. Re1 e6 27. Bc4 Rd8 28. Rxd8 Rxd8 29. Qf6 Rd2 30. Bxe6 Bxe6 31. g4 Bxg4 32. Re7 Rd1+ 33. Kg2 Qa8+ 34. f3 Bxf3+ 35. Kf2 Rd2+ 36. Kf1 Bg2+ 37. Kg1 Bd5 38. Rxf7+ Bxf7 39. Qxf7+ Kh8 40. Qf6+ Kh7 41. Qf7+ Kh8 42. Qf6+ Kg8 43. Qxg6+ Kf8 44. Qh6+ Ke8 45. Qxd2 Qa7+ 46. Qf2 Qa6 47. Kg2 Qg6+ 48. Qg3 Qc2+ 49. Qf2 Qg6+ 50. Kf1 Qa6+ 51. Qe2+ Qxe2+ 52. Kxe2 Ke7 53. Kd3 Kd6 54. Kc4 Kc6 55. Kxb4 Kb6 56. a4 Ka6 57. a5 1-0

[Event "Los Angeles IM Norm"]
[Site "Monrovia"]
[Date "2023.04.02"]
[Round "4"]
[White "Doric, Nenad"]
[Black "Zaloznyy, Mike"]
[Result "1-0"]
[WhiteElo "2204"]
[BlackElo "2168"]
[PlyCount "77"]
[EventDate "2023.04.01"]
[EventType "schev"]
[EventRounds "10"]
[EventCountry "USA"]
[SourceTitle "CBM 213 Extra"]
[Source "ChessBase"]
[SourceDate "2023.05.31"]
[SourceVersion "1"]
[SourceVersionDate "2023.05.31"]
[SourceQuality "1"]
[WhiteTeam "Rest of the World"]
[BlackTeam "United States"]
[BlackTeamCountry "USA"]

1. e4 c6 2. d4 d5 3. exd5 cxd5 4. c4 Nf6 5. Nc3 Nc6 6. Nf3 a6 7. cxd5 Nxd5 8. Qb3 Be6 9. Ng5 Nxd4 10. Qa4+ Nc6 11. Nxe6 fxe6 12. Be2 g6 13. 0-0 Bg7 14. Rd1 0-0 15. Qe4 Qd6 16. Nxd5 exd5 17. Qxd5+ Qxd5 18. Rxd5 Nb4 19. Rd7 Nc2 20. Rb1 Bd4 21. Be3 Bxe3 22. fxe3 b5 23. Rxe7 Rae8 24. Rxe8 Rxe8 25. e4 Kg7 26. Rc1 Nd4 27. Rc7+ Kf6 28. Bd3 Rd8 29. Rxh7 Ne6 30. Bc2 Rd2 31. Bb3 Rxb2 32. e5+ Kxe5 33. Re7 Rxb3 34. axb3 Kd6 35. Ra7 Nc7 36. h4 Kc6 37. g4 Kb6 38. Rxc7 Kxc7 39. h5 1-0

[Event "Los Angeles IM Norm"]
[Site "Monrovia"]
[Date "2023.04.02"]
[Round "3"]
[White "Zaloznyy, Mike"]
[Black "Doric, Nenad"]
[Result "0-1"]
[WhiteElo "2168"]
[BlackElo "2204"]
[PlyCount "164"]
[EventDate "2023.04.01"]
[EventType "schev"]
[EventRounds "10"]
[EventCountry "USA"]
[SourceTitle "CBM 213 Extra"]
[Source "ChessBase"]
[SourceDate "2023.05.31"]
[SourceVersion "1"]
[SourceVersionDate "2023.05.31"]
[SourceQuality "1"]
[WhiteTeam "United States"]
[BlackTeam "Rest of the World"]
[WhiteTeamCountry "USA"]

1. Nf3 Nf6 2. d4 d5 3. c3 Bg4 4. Ne5 Bf5 5. Qb3 Qc8 6. c4 e6 7. Nc3 c6 8. Bg5 Nbd7 9. Rc1 Nxe5 10. dxe5 Ne4 11. Nxe4 Bxe4 12. f3 Bf5 13. cxd5 exd5 14. e4 dxe4 15. Bc4 Be6 16. Bxe6 fxe6 17. Rd1 Be7 18. Bxe7 Kxe7 19. Qb4+ Kf7 20. 0-0 Rf8 21. Qxe4 Kg8 22. Rd6 Rd8 23. Rfd1 Qc7 24. h4 Rxd6 25. Rxd6 Re8 26. Kh2 Qf7 27. Qd4 h6 28. Rd7 Re7 29. Rd8+ Re8 30. Rxe8+ Qxe8 31. Qxa7 Qf7 32. Qd4 Qf5 33. Kg3 Qg6+ 34. Qg4 Qf7 35. b3 Qd7 36. Qb4 Qf7 37. Qd6 Qg6+ 38. Kf4 Kh7 39. g4 Qf7+ 40. Ke3 g5 41. hxg5 hxg5 42. Qd4 Kg7 43. f4 gxf4+ 44. Qxf4 Qd7 45. Qf6+ Kg8 46. Qg6+ Kh8 47. Qd3 Qg7 48. Qd8+ Kh7 49. Qh4+ Kg8 50. Kf4 Qd7 51. Qg5+ Kh7 52. Qh4+ Kg8 53. Qf2 Qd5 54. Qe3 Kg7 55. Kg3 Kh7 56. Qf4 Kg8 57. Kh4 Qh1+ 58. Kg5 Qh7 59. Qf6 Qd7 60. Qg6+ Kf8 61. Kh6 b5 62. Qg5 c5 63. Qf6+ Kg8 64. Qg6+ Kf8 65. g5 c4 66. bxc4 bxc4 67. a4 c3 68. a5 Qc6 69. Qg7+ Ke8 70. Qg8+ Kd7 71. Qh7+ Ke8 72. Qc2 Kf7 73. g6+ Kg8 74. Qf2 Qc7 75. Qf6 Qd7 76. g7 Qd2+ 77. Kh5 Qh2+ 78. Kg4 Qg2+ 79. Kh5 Qh3+ 80. Kg5 Qf5+ 81. Kh6 Qh7+ 82. Kg5 Qxg7+ 0-1

[Event "Los Angeles IM Norm"]
[Site "Monrovia"]
[Date "2023.04.01"]
[Round "1"]
[White "Zaloznyy, Mike"]
[Black "Mrdja, Milan"]
[Result "1-0"]
[WhiteElo "2168"]
[BlackElo "2179"]
[PlyCount "53"]
[EventDate "2023.04.01"]
[EventType "schev"]
[EventRounds "10"]
[EventCountry "USA"]
[SourceTitle "CBM 213 Extra"]
[Source "ChessBase"]
[SourceDate "2023.05.31"]
[SourceVersion "1"]
[SourceVersionDate "2023.05.31"]
[SourceQuality "1"]
[WhiteTeam "United States"]
[BlackTeam "Rest of the World"]
[WhiteTeamCountry "USA"]

1. Nf3 Nf6 2. g3 g6 3. b3 Bg7 4. Bb2 0-0 5. Bg2 d5 6. c4 c6 7. 0-0 Re8 8. d4 Ne4 9. Nc3 Nxc3 10. Bxc3 Nd7 11. cxd5 cxd5 12. Rc1 b6 13. Bd2 Bb7 14. Bf4 Rc8 15. Qd3 Rc6 16. b4 Qa8 17. Bh3 e6 18. Rxc6 Bxc6 19. b5 Bb7 20. Qa3 a6 21. Qd6 Nf6 22. Qxb6 axb5 23. Ne5 Bf8 24. Rc1 Bc8 25. Rc7 Re7 26. Bg5 Kg7 27. Ng4 1-0